Geology of the Earp Lake area (West half) : 64B/6 Granville Lake Mining Division, Manitoba /

Bibliographic Details
Main Author: Milligan, G. C. (George Clinton), 1919-
Format: Book
Language:English
Published: Winnipeg, [publisher not identified] ; 1964.
Series:Publication (Manitoba. Department of Mines, Resources and Environmental Management. Mines Branch) ; 61-2.
Subjects:

MARC

Tag First Indicator Second Indicator Subfields
LEADER 00000cam a2200000 i 4500
001 in00000094022
005 20171111064641.0
008 781108s1964 mbcb b s00010 eng d
035 |a (OCoLC)04357361 
035 |9 AAL5875AM 
040 |a GZE  |c GZE  |d TXA  |d UtOrBLW 
049 |a TXAM  |c [920952] 
090 |a TN27.M3  |b A33 no. 61-2 
100 1 |a Milligan, G. C.  |q (George Clinton),  |d 1919- 
245 1 0 |a Geology of the Earp Lake area (West half) :  |b 64B/6 Granville Lake Mining Division, Manitoba /  |c by G. C. Milligan. 
264 1 |a Winnipeg,  |b [publisher not identified] ;  |c 1964. 
300 |a iii, 15 pages :  |b map (folded in pocket) ;  |c 25 cm. 
336 |a text  |b txt  |2 rdacontent 
337 |a unmediated  |b n  |2 rdamedia 
338 |a volume  |b nc  |2 rdacarrier 
490 1 |a Manitoba. Dept. of Mines and Natural Resources. Mines Branch. Publication ;  |v 61-2 
504 |a Bibliography: page 15. 
650 0 |a Geology  |z Manitoba  |z Earp Lake Region. 
830 0 |a Publication (Manitoba. Department of Mines, Resources and Environmental Management. Mines Branch) ;  |v 61-2. 
999 |a MARS 
999 f f |s 3c43b27d-1af9-3970-a864-2f43c1848f60  |i 880c7a83-b22d-3aa9-bc46-167e8b5158da  |t 0 
952 f f |p ric  |a Texas A&M University  |b Rellis Campus  |c Joint Library Facility  |d Remote Storage  |t 0  |e TN27.M3 A33 no. 61-2  |h Library of Congress classification  |i unmediated -- volume  |m A14805568709 
998 f f |a TN27.M3 A33 no. 61-2  |t 0  |l Remote Storage